| 000 | 00677nam a2200241Ia 4500 | ||
|---|---|---|---|
| 008 | 180628s9999 xx 000 0 und d | ||
| 020 | _a978-971-98-0932-6 | ||
| 050 | _aFIL DS 668 | ||
| 050 | _b.T67 2018 | ||
| 100 | _aTorres, Jose Victor | ||
| 245 | 0 | _aBatis : | |
| 245 | 0 | _bsources in Philippine history / | |
| 245 | 0 | _cJose Victor Torres. | |
| 260 | _aQuezon City : | ||
| 260 | _bC & E Publishing, | ||
| 260 | _c2018 | ||
| 300 | _a231 pages : | ||
| 300 | _bcolored illustrations ; | ||
| 300 | _c22 cm. | ||
| 500 | _aIncludes bibliographical references and index. | ||
| 650 | _aPhilippines -- History. | ||
| 650 | _xPhilippines -- Politics and governance. | ||
| 999 |
_c358113 _d358113 |
||